Zavedenie eura a jeho vplyv na aktivity podnikov
Niektoré otázky spojené so vznikom spoločnej meny euro zavedenej v krajinách Európskej menovej únie 1. januára 1999. Prepočítavacie koeficienty a menové kurzy. Príklady prepočítavacích koeficientov. Konvencie na Euro peňažnom trhu. Referenčná úroková miera. Výhody a nevýhody zavedenia eura. Ilustrač...
Guardado en:
| Autor principal: | |
|---|---|
| Formato: | Capítulo de libro |
| Lenguaje: | eslovaco |
| Materias: | |
| Etiquetas: |
Sin Etiquetas, Sea el primero en etiquetar este registro!
|
MARC
| LEADER | 00000naa a2200000 4500 | ||
|---|---|---|---|
| 001 | r035209 | ||
| 005 | 20240502071332.3 | ||
| 041 | 0 | |a slo | |
| 044 | |a SK | ||
| 245 | 1 | 0 | |a Zavedenie eura a jeho vplyv na aktivity podnikov |c Anna Polednáková |
| 520 | |a Niektoré otázky spojené so vznikom spoločnej meny euro zavedenej v krajinách Európskej menovej únie 1. januára 1999. Prepočítavacie koeficienty a menové kurzy. Príklady prepočítavacích koeficientov. Konvencie na Euro peňažnom trhu. Referenčná úroková miera. Výhody a nevýhody zavedenia eura. Ilustračné príklady. | ||
| 610 | 2 | 0 | |a euro |
| 610 | 2 | 0 | |a euromena |
| 610 | 2 | 0 | |a trh peňažný |
| 610 | 2 | 0 | |a Európska menová únia |
| 610 | 2 | 0 | |a miera úroková |
| 610 | 2 | 0 | |a kurz výmenný |
| 610 | 2 | 0 | |a kurz menový |
| 100 | 1 | |a Polednáková, Anna, 1957- | |